| 000 | 00583nam a2200217Ia 4500 | ||
|---|---|---|---|
| 005 | 20220908141357.0 | ||
| 008 | 131103s9999 xx 000 0 und d | ||
| 020 | _cRs.12.50 | ||
| 040 | _aLoreto College | ||
| 041 | _aEnglish | ||
| 082 |
_a954.03 _bBOS-MOO |
||
| 100 | _aMookerjee,Nanda | ||
| 245 |
_aNetaji through German lens _cNanda Mookerjee |
||
| 260 |
_aCalcutta _bJayasree Prakashan _c1970 |
||
| 300 | _a145 p. | ||
| 504 | _aIncludes bibliographical references | ||
| 600 | _aBose,Subhas Chandra | ||
| 650 | _aModern Indian history | ||
| 850 | _aLCLIB | ||
| 942 | _cBK | ||
| 999 |
_c9858 _d60337 |
||